| 000 | 00576nam a2200229Ia 4500 | ||
|---|---|---|---|
| 005 | 20230417114932.0 | ||
| 008 | 230125s9999 xx 000 0 und d | ||
| 020 | _a9789353174071 | ||
| 041 | _aeng | ||
| 082 |
_a891.463 _bSHO/PAT |
||
| 100 |
_aShourie A _9114815 |
||
| 245 | _aAtmavanchana | ||
| 250 | _a1st Ed. | ||
| 260 |
_c2020 _bMehta publication _aPune |
||
| 300 | _a334p | ||
| 500 | _aMarathi Literature | ||
| 650 | _aMarathi Literature | ||
| 700 |
_aShourie A & Patharkar A (Trans.) _9118666 |
||
| 906 | _b112.5 | ||
| 942 | _cBK | ||
| 999 |
_c96791 _d96791 |
||